000 00310nam a22001457a 4500
008 210312b ||||| |||| 00| 0 eng d
020 _a0395249708
041 _aeng
080 _a82
082 _a82
100 _a21
101 _a GJL
245 _aFocus on Literature Forms
_cFeagin, F
942 _2udc
_cBK
999 _c56472
_d56472